Fr. Conceicao Rodrigues College of Engineering

Power of your subconscious mind (Record no. 36081)

MARC details
000 -LEADER
fixed length control field 00393nam a22001577a 4500
003 - CONTROL NUMBER IDENTIFIER
control field OSt
005 - DATE AND TIME OF LATEST TRANSACTION
control field 20240905093228.0
007 - PHYSICAL DESCRIPTION FIXED FIELD--GENERAL INFORMATION
fixed length control field 219 Pages
008 - FIXED-LENGTH DATA ELEMENTS--GENERAL INFORMATION
fixed length control field 240905b |||||||| |||| 00| 0 eng d
020 ## - INTERNATIONAL STANDARD BOOK NUMBER
International Standard Book Number 9788194790839
040 ## - CATALOGING SOURCE
Transcribing agency
082 ## - DEWEY DECIMAL CLASSIFICATION NUMBER
Classification number 154.2
Item number MUR
245 ## - TITLE STATEMENT
Title Power of your subconscious mind
Statement of responsibility, etc. Murphy,Joseph
260 ## - PUBLICATION, DISTRIBUTION, ETC.
Name of publisher, distributor, etc. srishti Publishers
Date of publication, distribution, etc. 2020
942 ## - ADDED ENTRY ELEMENTS (KOHA)
Source of classification or shelving scheme Dewey Decimal Classification
Koha item type BOOK
Call number prefix 154.2
Call number suffix MUR
Suppress in OPAC No
Holdings
Withdrawn status Lost status Source of classification or shelving scheme Damaged status Not for loan Collection Home library Current library Date acquired Cost, normal purchase price Inventory number Total Checkouts Total Renewals Full call number Barcode Date last seen Date last checked out Cost, replacement price Price effective from Koha item type
    Dewey Decimal Classification     General Fr. Agnel's C.Rodrigues College of Engineering Fr. Agnel's C.Rodrigues College of Engineering 05/09/2024 275.00 AO/24/09/383 4 1 154.2/MUR 26469 26/11/2025 11/09/2025 275.00 05/09/2024 BOOK
    Dewey Decimal Classification     General Fr. Agnel's C.Rodrigues College of Engineering Fr. Agnel's C.Rodrigues College of Engineering 05/09/2024 275.00 AO/24/09/383 2 1 154.2/MUR 26470 12/02/2026 10/02/2026 275.00 05/09/2024 BOOK